| 000 | 01150cam a2200265 a 4500 | ||
|---|---|---|---|
| 005 | 20080104121344.0 | ||
| 008 | 061003s2006 ii a b 001 0deng | ||
| 010 | _aENG-95525 | ||
| 020 |
_a9780198062790 _c195.00 |
||
| 020 |
_a0198062796 _c195.00 |
||
| 035 | _aEN-79058 | ||
| 037 | _bDBAD/PUB | ||
| 040 | _aDPL | ||
| 245 |
_aThe Partial Memoirs of V.K.R.V, Rao _cedited by S.L. Rao |
||
| 260 |
_aNew Delhi : _bOxford University Press, _c2009 |
||
| 300 |
_axi, 178 p. : _c22 cm.(Pbk) |
||
| 520 | _aOn the works and friendship between Rabindranath Tagore, 1861-1941, Bengali and English author and Kakuzō Okakura, 1862-1913, Japanese author with special reference to the depiction of Asia, nationalism, and civilization in their works. | ||
| 600 |
_aTagore, Rabindranath, _xCriticism and interpretation. |
||
| 600 |
_aOkakura, Kakuzō, _xCriticism and interpretation. |
||
| 651 |
_aAsia _xIn literature. |
||
| 700 | _aRao,V.K. | ||
| 942 |
_2ddc _cEN _mRAO |
||
| 999 |
_c31985 _d31985 |
||